A Study of the National Skill DevelopmentPolicy and its Impact on Employability in Pune (Record no. 359246)

MARC details
000 -LEADER
fixed length control field 00427nam a22001457a 4500
005 - DATE AND TIME OF LATEST TRANSACTION
control field 20240805170553.0
008 - FIXED-LENGTH DATA ELEMENTS--GENERAL INFORMATION
fixed length control field 240805b |||||||| |||| 00| 0 eng d
041 ## - LANGUAGE CODE
Language code of text/sound track or separate title eng
082 ## - DEWEY DECIMAL CLASSIFICATION NUMBER
Edition number GHO
100 ## - MAIN ENTRY--PERSONAL NAME
Author Ghodke Trupti
245 ## - TITLE STATEMENT
Title A Study of the National Skill DevelopmentPolicy and its Impact on Employability in Pune
Statement of responsibility, etc. Ghodke Trupti
260 ## - PUBLICATION, DISTRIBUTION, ETC.
Place of publication, distribution, etc. Pune
Name of publisher, distributor, etc. SPPU
Date of publication, distribution, etc. March 2023
300 ## - PHYSICAL DESCRIPTION
Extent 255p
Other physical details Hard Bound
942 ## - ADDED ENTRY ELEMENTS (KOHA)
Koha item type PHD Thesis
Holdings
Withdrawn status Lost status Source of classification or shelving scheme Damaged status Not for loan Home library Current library Date acquired Barcode Date last seen Koha item type Original Barcode
    Dewey Decimal Classification   Available Smt. Hiraben Nanavati Institute of Management & Research for Women Smt. Hiraben Nanavati Institute of Management & Research for Women 05/08/2024 HIMR-TH-66 05/08/2024 PHD Thesis TH0066